In conversation with Husain paintings/ (Record no. 19205)

000 -LEADER
fixed length control field 00425nam a22001691a 4500
020 ## - INTERNATIONAL STANDARD BOOK NUMBER
ISBN 8187478225
082 ## - DEWEY DECIMAL CLASSIFICATION NUMBER
Classification number 759.954
Item number RAS/I
100 ## - MAIN ENTRY--AUTHOR NAME
Personal name Rashda Siddiqui
245 ## - TITLE STATEMENT
Title In conversation with Husain paintings/
Statement of responsibility, etc by Rashda Siddiqui
260 ## - PUBLICATION, DISTRIBUTION, ETC. (IMPRINT)
Place of publication New Delhi:
Name of publisher Books Today,
Year of publication 2001.
300 ## - PHYSICAL DESCRIPTION
Number of Pages 285p.
650 ## - SUBJECT ADDED ENTRY--TOPICAL TERM
Topical Term Paintings M F Husain
650 ## - SUBJECT ADDED ENTRY--TOPICAL TERM
Topical Term Paintings India
650 ## - SUBJECT ADDED ENTRY--TOPICAL TERM
Topical Term Painting
650 ## - SUBJECT ADDED ENTRY--TOPICAL TERM
Topical Term Arts
942 ## - ADDED ENTRY ELEMENTS (KOHA)
Koha item type Reference
Holdings
Withdrawn status Lost status Damaged status Not for loan Permanent Location Current Location Date acquired Cost, normal purchase price Full call number Accession Number Cost, replacement price Price effective from Koha item type
        Sree Sankaracharya University of Sanskrit Sree Sankaracharya University of Sanskrit 08.01.2015 7000.00 R 759.954 RAS/I 062211 0.00 08.01.2015 Reference